00362nam a22001097a 4500082001000000100001800010245010600028260003600134300002000170650003700190700002500227 a621.3 aFatima, Rabia aPerformance analysis of Advanced Wireless Systems Employing Harq based Overload Mimo / cRabia Fatima aIslamabad :bMCS - NUST,c2017. a101 p. ;c30cm. aElectrical Engineering-MS-Thesis aDr. Adnan Ahmed Khan